| 000 | 00931nam0a22002531 4500 | ||
|---|---|---|---|
| 001 | rc\2741368 | ||
| 005 | 20110915165838.2 | ||
| 035 | _a(NLR Aleph) 006868516 | ||
| 090 |
_a6922388 _c6922388 |
||
| 100 | _a20110915d1939 |||y0rusy50 ca | ||
| 101 | 0 | _arus | |
| 102 | _aRU | ||
| 105 | _aa z |||a| | ||
| 200 | 1 |
_aСтарая крепость _e[Повесть] _e[Для сред. и ст. возраста] _fВладимир Беляев _gРис., пер. и форзац. Л. Вольштейна |
|
| 205 | _a2-е изд., перераб. | ||
| 210 |
_aМосква _aЛенинград _cДетгиз _d1939 _eЛенинград |
||
| 215 |
_a256 с., 1 вкл. л. ил. _cил. _d22 см. |
||
| 700 | 1 |
_aБеляев _bВ. П. _f1909- _gВладимир Павлович |
|
| 702 | 1 |
_aВольштейн _bЛ. _4440 |
|
| 801 | 0 |
_aRU _bNLR _gpsbo |
|
| 801 | 1 |
_aRU _bELAR _2rusmarc |
|
| 852 |
_aNLR _j39-4/885 |
||
| 942 | _cBOOK | ||
| 980 | _aNB | ||